Cities of the world by landmarks - Statistics

General Stats
  • This quiz has been taken 712 times
  • The average score is 12 of 26
Answer Stats
Hint Answer % Correct
A Parthenon Athens
98%
I Hagia Sophia Istanbul
88%
R Christ the Redeemer (Cristo Redentor) Rio de Janeiro
87%
J Apartheid Museum Johannesburg
72%
X Terracotta Army Xian
62%
N Spaccanapoli (street) Naples
61%
Z Grossmünster (church) Zürich
61%
E Royal Mile Edinburgh
56%
G La Alhambra Granada
55%
O Frogner park (Vigeland) Oslo
52%
H Suomenlinna Helsinki
50%
Y National Museum of Cameroon Yaoundé
49%
F Fes el Bali Fes
46%
Q Iglesia de La Compañía de Jesús Quito
46%
S Raffles Hotel Singapore
44%
M Retiro Park Madrid
43%
B Faneuil Hall Boston
40%
C Hasan II Mosque Casablanca
39%
V English Bay Vancouver
32%
L Potala Palace Lhasa
29%
W The Beehive Wellington
28%
D Akshardham Delhi
27%
U Gandantegchinlen (Gandan) Monastery Ulaanbaatar
25%
K Gion district Kyoto
24%
P Juche Tower Pyongyang
22%
T Toompea (Cathedral Hill) Tallinn
12%
No matching quizzes found
Score Distribution
Percent of People with Each Score
Percentile by Number Answered
Your Score History
You have not taken this quiz